Rosaura a las diez /
Guardado en:
| Autor Principal: | |
|---|---|
| Formato: | Libro |
| Publicado: |
Buenos Aires :
Huemul,
1975
|
| Materias: | |
| Etiquetas: |
Agregar Etiqueta
Sin Etiquetas, Sea el primero en etiquetar este registro!
|
| LEADER | 01130nam a22002895a 4500 | ||
|---|---|---|---|
| 001 | CEM.cems002058 | ||
| 005 | 20101213124833.0 | ||
| 008 | 130507s1975##################000#0#####d | ||
| 003 | CEMS | ||
| 082 | 0 | 4 | |a A863.4 |
| 100 | 1 | |a Denevi, Marco | |
| 245 | 1 | 0 | |a Rosaura a las diez / |c Marco Denevi |
| 260 | |a Buenos Aires : |b Huemul, |c 1975 | ||
| 300 | |a 234 p. | ||
| 653 | |a Literatura | ||
| 653 | |a Literatura argentina | ||
| 653 | |a Novelas | ||
| 653 | |a Novela argentina-siglo 20 | ||
| 859 | |a CEMS |b BIB. CEMS - 11 de abril |h A863.4 |i D413 |p 5349.76 |t Ej.1 | ||
| 859 | |a CEMS |b BIB. CEMS - 11 de abril |h A863.4 |i D413 |p 5350.76 |t Ej.2 | ||
| 859 | |a CEMS |b BIB. CEMS - 11 de abril |h A863.4 |i D413 |p 5351.76 |t Ej.3 | ||
| 859 | |a CEMS |b BIB. CEMS - 11 de abril |h A863.4 |i D413 |p 5352.76 |t Ej.4 | ||
| 859 | |a CEMS |b BIB. CEMS - 11 de abril |h A863.4 |i D413 |p 8229.80 |t Ej.5 | ||
| 859 | |a CEMS |b BIB. CEMS - 11 de abril |h A863.4 |i D413 |p 8230.80 |t Ej.6 | ||
| 859 | |a CEMS |b BIB. CEMS - 11 de abril |h A863.4 |i D413 |p 8231.80 |t Ej.7 | ||
| 859 | |a CEMS |b BIB. CEMS - 11 de abril |h A863.4 |i D413 |p 8232.80 |t Ej.8 | ||
| 859 | |a CEMS |b BIB. CEMS - 11 de abril |h A863.4 |i D413 |p 8233.80 |t Ej.9 | ||
